Atlas hnízdního rozšíření ptáků Krkonoš = Atlas ptaków lęgowych Karkonoszy : (1991-1994) /

Hlavní autor: Flousek, Jiří, 1957-2022
Další autoři: Gramsz, Bożena
Jazyk: Polština
Čeština
Vydáno: Vrchlabí : Správa Krkonošského národního parku, 1999
Témata:
Fyzický popis: 424 s. : barev. il., m. ; 23 cm
Language note: Souběžný polský text, anglické a německé resumé
Knihy
Uloženo v:
LEADER 01706nam a2200457 a 4500
001 000468504
003 CZ BrMZK
005 20250828121700.0
007 ta
008 000115s1999 xr e f 001 0 cze d
015 |a cnb000926302 
020 |a 80-902489-6-9 
035 |a (OCoLC)44525360 
040 |a BOA001  |b cze 
041 1 |a cze  |a pol  |b eng  |b ger  |h cze  |h pol 
043 |a e-pl---  |a e-xr---  |b e-xr-cc  |2 czenas 
072 7 |a 59  |x Zoologie  |2 Konspekt  |9 2 
080 |a 598.2  |2 MRF 
080 |a 591.9  |2 MRF 
080 |a 591.521  |2 MRF 
080 |a (437.31-17)  |2 MRF 
080 |a (438-14)  |2 MRF 
080 |a (084.42)  |2 MRF 
100 1 |a Flousek, Jiří,  |d 1957-2022  |7 jx20051201018  |4 aut 
245 1 0 |a Atlas hnízdního rozšíření ptáků Krkonoš =  |b Atlas ptaków lęgowych Karkonoszy : (1991-1994) /  |c Jiří Flousek & Bożena Gramsz 
246 3 1 |a Atlas ptaków lęgowych Karkonoszy 
260 |a Vrchlabí :  |b Správa Krkonošského národního parku,  |c 1999 
300 |a 424 s. :  |b barev. il., m. ;  |c 23 cm 
504 |a Obsahuje bibliografii a rejstříky 
546 |a Souběžný polský text, anglické a německé resumé 
650 0 7 |a ptáci  |7 ph115956  |2 czenas 
650 0 7 |a fauna  |7 ph114529  |z Česko  |2 czenas 
650 0 7 |a fauna  |7 ph114529  |z Polsko  |2 czenas 
650 0 7 |a hnízdiště  |7 ph153564  |z Česko  |2 czenas 
650 0 7 |a hnízdiště  |7 ph153564  |z Polsko  |2 czenas 
651 7 |a Krkonoše (Česko a Polsko : pohoří : oblast)  |7 ge134290  |2 czenas 
655 7 |a atlasy  |7 fd131835  |2 czenas 
700 1 |a Gramsz, Bożena  |7 mzk2015891376  |4 aut 
910 |a BOA001  |b 2-1070.373 
990 |a BK 
996 6 |b 2610110871  |c 2-1070.373  |l MZK  |r Sklad / do 1 hodiny  |n 0  |p p.v.  |w 000468504  |u 000010  |a 1  |e BOA001  |j MZK50  |s P